Religion Quiz

Random Religion or Verse Quiz

10 Verses for Salvation, FIB Quiz Stats

 Plays Quiz not verified by Sporcle

Score 0/10 Timer 10:00
0 Plays Today
3 blanks, TEV a.k.a. Good News Bible 3 words that fill in the blanks (FIB) % Correct
God loved the world so much that he gave his only Son, so that ___ who believes in him may not ___ but have ___ life. ~John 3:16everyone, die, eternal
85.4%
Jesus answered..., ''I am the ___, the ___ and the ___; no one goes to the Father except by me.'' ~John 14:6way, truth, life
79.2%
Listen! I [Jesus] stand at the door and ___; if anyone hears my voice and ___ the door, I will ___ into his house.... ~Revelation 3:2knock, opens, come
72.9%
God has ___ us how much he ___ us--it was while we were still sinners that ___ died for us! ~Romans 5:8shown, loves, Christ
70.8%
___, then, and turn ___ God, so that he will ___ your sins. ~Acts 3:19Repent, to, forgive
70.8%
Everyone has ___ and is ___ away from God's saving ___. ~Romans 3:23sinned, far, grace
68.8%
I [Jesus] have come in order that you might ___ life--___ in all its ___. ~John 10:10 have, life, fullness
66.7%
Sin pays its ___--death; but God's ___ gift is eternal life in ___ with Christ Jesus our Lord. ~Romans 6:23wage, free, union
58.3%
Some [people]... did ___ him and ___ in him; so he gave them the right to ___ God's children. ~John 1:12receive, believed, become
56.3%
Pray in the ___ of the Holy Spirit, and keep yourselves in the ___ of God, as you wait for our Lord Jesus Christ in his ___ to give you eternal life. ~Jude 1:20-21power, love, mercy
54.2%

You're not logged in!

Compare scores with friends on all Sporcle quizzes.
OR
Log In

Show Comments

Extras

Top Quizzes Today


Score Distribution

Your Account Isn't Verified!

In order to create a playlist on Sporcle, you need to verify the email address you used during registration. Go to your Sporcle Settings to finish the process.

Report this User

Report this user for behavior that violates our Community Guidelines.

Details: